Coasts of Florida - Statistics

General Stats
  • This quiz has been taken 196 times
  • The average score is 4 of 11
Answer Stats
Hint Coast % Correct
Cape Canaveral {Space} Coast/{Mosquito} Coast
75%
Expensive Miami area {Gold} Coast
67%
Tampa area, where it's always warm {Florida} {Sun}coast
44%
Green coast near Alabama {Emerald} Coast/{Redneck} Riviera
42%
Atlantic Coast with pirates {Treasure} Coast
36%
Colonial Jacksonville area {First} Coast/{Historic} Coast
31%
Concave coast with wilderness {Nature} Coast/{Big} {Bend} Coast
28%
Undeveloped coast near Tallahassee {Forgotten} Coast
23%
Sporty Daytona area {Surf} Coast/{Fun} Coast
17%
Sarasota area famous for the arts {Cultural} Coast
14%
Beautiful coast of Naples area {Paradise} Coast
11%
No matching quizzes found
Score Distribution
Percent of People with Each Score
Percentile by Number Answered
Your Score History
You have not taken this quiz